Enciende una Luz / (Registro nro. 62296)

Detalles MARC
000 -LEADER
campo de control de longitud fija 02715nam a2200505 a 4500
003 - IDENTIFICADOR DE NÚMERO DE CONTROL
campo de control PE-LiUPU
005 - FECHA Y HORA DE LA ÚLTIMA TRANSACCIÓN
campo de control 20250731173600.0
008 - DATOS DE LONGITUD FIJA--INFORMACIÓN GENERAL
campo de control de longitud fija 150717s2015 pe a gr 000 0 spa
020 ## - NÚMERO INTERNACIONAL ESTÁNDAR DEL LIBRO
Número Internacional Estándar del Libro 9789972604386
040 ## - FUENTE DE CATALOGACIÓN
Centro catalogador/agencia de origen BNP
Lengua de catalogación spa
Centro/agencia transcriptor PE-LiUPU
Centro/agencia modificador PE-LiUPU
Normas de descripción rda
082 04 - NÚMERO DE LA CLASIFICACIÓN DECIMAL DEWEY
Número de clasificación 266.67
Número de edición 23
Cutter L296e
100 1# - ENTRADA PRINCIPAL--NOMBRE DE PERSONA
Nombre de persona Lantry, Eileen E.
Término indicativo de función/relación autor
240 10 - TÍTULO UNIFORME
Título uniforme To light a candle.
Lenguaje de la obra Español
245 10 - MENCIÓN DEL TÍTULO
Título Enciende una Luz /
Mención de responsabilidad, etc. Eileen E. Lantry, Monroe Duerksen y Patricia Mae de Duerksen.
250 ## - MENCION DE EDICION
Mención de edición Primera edición.
264 ## - PRODUCCIÓN, PUBLICACIÓN, DISTRIBUCIÓN, FABRICACIÓN Y COPYRIGHT
Producción, publicación, distribución, fabricación y copyright Lima :
Nombre del de productor, editor, distribuidor, fabricante Universidad Peruana Unión, Fondo Editorial,
Fecha de producción, publicación, distribución, fabricación o copyright 2015.
300 ## - DESCRIPCIÓN FÍSICA
Extensión 332, [3] páginas :
Otras características físicas ilustrado ;
Dimensiones 24 centímetros.
500 ## - NOTA GENERAL
Nota general Traducción de: To light a candle.
505 ## - NOTA DE CONTENIDO CON FORMATO
Nota de contenido con formato La luz oscurecida por la niebla -- Chispas para encender una vela -- Sin luz en la oscuridad -- El centellear de una luz -- Luz en la oscuridad -- Sonrisas encienden la vela -- Cosas grandes y maravillosas -- Velas relucientes -- Tinieblas -- Lleva tu luz en la oscuridad -- Retrasos, ladrones y Dios -- Sostén tu vela para que otros la vean -- Una vela encendida se apaga -- Dios enciende muchas velas -- La luz del rostro de Dios -- Cuando la luz de una vela brilla sobre ti -- Deja que tu luz brille -- Dios hace los imposible -- Una luz en la oscuridad -- Esfuerzos por apagar la luz de Dios -- Una vela encendida, una vía de escape -- La luz del mundo -- Epílogo: Entrevista a Monroe Dale Duerksen, esposo de Patricia.
526 ## - NOTA DE INFORMACIÓN SOBRE EL PROGRAMA DE ESTUDIO
Nombre del programa Segunda Especialidad En Profecías Bíblicas
526 ## - NOTA DE INFORMACIÓN SOBRE EL PROGRAMA DE ESTUDIO
Nombre del programa Segunda Especialidad En Nuevo Testamento
526 ## - NOTA DE INFORMACIÓN SOBRE EL PROGRAMA DE ESTUDIO
Nombre del programa Segunda Especialidad En Antiguo Testamento
526 ## - NOTA DE INFORMACIÓN SOBRE EL PROGRAMA DE ESTUDIO
Nombre del programa Segunda Especialidad En Estudios Adventistas
526 ## - NOTA DE INFORMACIÓN SOBRE EL PROGRAMA DE ESTUDIO
Nombre del programa Doctorado en teología
526 ## - NOTA DE INFORMACIÓN SOBRE EL PROGRAMA DE ESTUDIO
Nombre del programa Maestría en teología histórica
526 ## - NOTA DE INFORMACIÓN SOBRE EL PROGRAMA DE ESTUDIO
Nombre del programa Maestría en teología bíblica
526 ## - NOTA DE INFORMACIÓN SOBRE EL PROGRAMA DE ESTUDIO
Nombre del programa Maestría en teología
526 ## - NOTA DE INFORMACIÓN SOBRE EL PROGRAMA DE ESTUDIO
Nombre del programa Maestría en misionología
526 ## - NOTA DE INFORMACIÓN SOBRE EL PROGRAMA DE ESTUDIO
Nombre del programa Maestría en liderazgo eclesiástico
526 ## - NOTA DE INFORMACIÓN SOBRE EL PROGRAMA DE ESTUDIO
Nombre del programa Teología
583 ## - NOTA DE ACCIÓN
Acción Adq.
Código de identificación de la acción D.L.
Fecha/hora de la acción 20150702
Agente de la acción Universidad Peruana Unión. Centro de Aplicación Editorial Imprenta Unión
583 ## - NOTA DE ACCIÓN
Acción Adq.
Código de identificación de la acción D.L.
Fecha/hora de la acción 20150702
Agente de la acción Universidad Peruana Unión. Centro de Aplicación Editorial Imprenta Unión
650 18 - PUNTO DE ACCESO ADICIONAL DE MATERIA--TÉRMINO DE MATERIA
Término de materia o nombre geográfico como elemento de entrada Adventistas
Subdivisión general Misiones
Subdivisión geográfica Perú.
650 28 - PUNTO DE ACCESO ADICIONAL DE MATERIA--TÉRMINO DE MATERIA
Término de materia o nombre geográfico como elemento de entrada Misioneros
Subdivisión geográfica Perú.
650 28 - PUNTO DE ACCESO ADICIONAL DE MATERIA--TÉRMINO DE MATERIA
Término de materia o nombre geográfico como elemento de entrada Misiones
Subdivisión geográfica Perú.
650 28 - PUNTO DE ACCESO ADICIONAL DE MATERIA--TÉRMINO DE MATERIA
Término de materia o nombre geográfico como elemento de entrada Evangelización
Subdivisión geográfica Perú.
9 (RLIN) 3116
700 1# - ENTRADA AGREGADA--NOMBRE PERSONAL
Nombre de persona Duerksen, Monroe.
Término indicativo de función/relación autor
700 1# - ENTRADA AGREGADA--NOMBRE PERSONAL
Nombre de persona Mae de Duerksen, Patricia.
Término indicativo de función/relación autor
710 2# - ENTRADA AGREGADA--NOMBRE DE ENTIDAD CORPORATIVA
Nombre de entidad corporativa o nombre de jurisdicción como elemento de entrada Universidad Peruana Unión.
942 ## - ELEMENTOS DE ENTRADA SECUNDARIOS (KOHA)
Fuente del sistema de clasificación o colocación Clasificación Decimal Dewey
Tipo de ítem Koha Libros físicos
Suprimir en OPAC No
980 ## - EQUIVALENCIA O REFERENCIA-CRUZADA-MENCIÓN DE SERIE--NOMBRE DE PERSONA/TÍTULO [LOCAL, CANADÁ]
ID del usuario creador del registro 18226
Nombre del creador del registro Jaime Vilcazán Jefe de Análisis Documental
ID del último usuario que modificó el registro 1
Nombre del último usuario que modificó el registro ALBERTO SANCHEZ Responsable de Automatización
Existencias
Visto por última vez Total de préstamos Signatura topográfica completa Código de barras Copia número Coste, precio de reemplazo Fecha de reemplazo Facultad Tipo de ítem Koha Estado de pérdida Fuente del sistema de clasificación o colocación Restricciones de uso No para préstamo Colección Programa académico Biblioteca de origen Biblioteca actual Ubicación en estantería Fecha de adquisición Fuente de adquisición
2026-03-27   266.67 L296e 81890 e1 40.00 2024-02-13 Teología Libros físicos No Perdido Clasificación Decimal Dewey No restringido Disponible para préstamos Colección General Teología Biblioteca CRAI UPeU Lima Biblioteca CRAI UPeU Lima Sala principal 2024-02-08 Depósito, Fondo Editorial UPeU